| 000 | 00637nam a2200253Ia 4500 | ||
|---|---|---|---|
| 005 | 20250425161755.0 | ||
| 008 | 250425s9999 xx 000 0 und d | ||
| 020 | _a95879271243 | ||
| 041 | _aspa | ||
| 043 | _ack | ||
| 082 | _a631.658 | ||
| 110 | _aTERRANOVA EDITORES | ||
| 245 | 0 | _aENCICLOPEDIA AGROPECUARIA TERRANOVA: PRODUCCION AGRICOLA 2 | |
| 250 | _aS.E. | ||
| 260 | _aBOGOTA | ||
| 260 |
_aColombia _bTERRANOVA EDITORES _c1998 |
||
| 300 | _a552 | ||
| 650 | _aAGRICULTURA | ||
| 650 | _aGESTION AGROPECUARIA | ||
| 650 | _aINGENIERIA AGROPECUARIA | ||
| 650 | _aPRODUCCION AGRICOLA | ||
| 942 | _c01 | ||
| 010 | _a28392 | ||
| 999 |
_c215825 _d215825 |
||